History Quiz

Random History or Year Quiz

'Nine' Year Major Events by Nine Word Clue Quiz Stats

Quiz Updated Feb 4, 2018

Challenge
Share
Tweet
Embed
Score 0/21 Timer 07:00
0 Plays Today
% Correct
1969
90.5%
1939
89.7%
1929
87.1%
1959
78.2%
2009
74.9%
1999
71.2%
1919
71.2%
1979
69.2%
1949
65.2%
1809
60.1%
1989
58.5%
% Correct
1899
48.1%
1889
46.3%
1879
36.6%
1869
33.5%
1909
28.9%
1829
18.3%
1819
18.2%
1849
17.4%
1859
17.2%
1839
14.5%

You're not logged in!

Compare scores with friends on all Sporcle quizzes.
Sign Up with Email
OR
Log In

You Might Also Like...

Show Comments

Extras

Top Quizzes Today


Score Distribution

Your Account Isn't Verified!

In order to create a playlist on Sporcle, you need to verify the email address you used during registration. Go to your Sporcle Settings to finish the process.

Report this User

Report this user for behavior that violates our Community Guidelines.

Details: